000 00954pam a2200277 a 4500
001 2525818
003 OSt
005 20140310181621.0
008 931214s1994 waua 001 0 eng
010 _a 93047601
040 _aDLC
_cDLC
_dDLC
050 0 0 _aT 385
_b.M52 1994
082 0 0 _aHS
_b001.4 M58 1994
245 0 0 _aMicrosoft PowerPoint 4 for Windows step by step /
_cPerspection.
260 _aRedmond, Wash. :
_bMicrosoft Press,
_cc1994.
300 _a310 p. :
_bill. ;
_c24 cm.
541 _j1
630 0 0 _aMicrosoft PowerPoint (Computer file)
_97948
650 0 _aPresentation graphics software.
_97949
710 2 _aPerspection, Inc.
_97950
740 0 _aMicrosoft PowerPoint four for Windows step by step.
740 0 _aPowerPoint four.
856 4 2 _3Contributor biographical information
_uhttp://www.loc.gov/catdir/enhancements/fy1004/93047601-b.html
906 _a7
_bcbc
_corignew
_d1
_eocip
_f19
_gy-gencatlg
942 _2lcc
_cHS
999 _c140
_d140